Movies Quiz

Random Movies or Oscar Quiz

Criteria Best Picture Quiz Stats

 Plays Quiz Updated Jan 3, 2018

Support Sporcle.
Go Orange.
Score 0/10 Timer 05:00
0 Plays Today
% Correct
???
100%
???
68.9%
???
45.3%
???
27.9%
???
23.3%
???
15.5%
???
13.4%
???
9.7%
???
9.2%
???
9.2%

From the Vault

Pope by Any 3 Letters

by Flick

Entering 'ius' would be a good place to start.
Remove Ads.
Support Sporcle.
Get the best of Sporcle when you Go Orange. This ad-free experience offers more features, more stats, and more fun while also helping to support Sporcle. Thank you for becoming a member.

Show Comments

Extras

Top Quizzes Today


Score Distribution

Your Account Isn't Verified!

In order to create a playlist on Sporcle, you need to verify the email address you used during registration. Go to your Sporcle Settings to finish the process.

Report this User

Report this user for behavior that violates our Community Guidelines.

Details: